000 00471nam a2200181Ia 4500
005 20250508152613.0
008 008 250505s9999 xx 000 0 eng d
037 _aTextual
040 _aFEDL
_beng
_cFEDL
041 _aeng
_2eng
084 _a372.3, GIB
_qFEDL
100 _aGibbs M A
_9761919
245 0 _aOut of doors
260 _aLondon, UK
_bChatto and Windus
_c1953
300 _a96p.
942 _cTEXL
_h372.3, GIB
999 _c1337530
_d1337530